Технологическое предпринимательство. С чего начать — первые шаги: учебник

Xehetasun bibliografikoak
Beste egile batzuk: Аверина Т. А. Татьяна Александровна (редактор), Баркалов С. А. Сергей Алексеевич, Баутина Е. В. Елена Владимировна, Колодяжный С. А. Сергей Александрович
Gaia:Авт. указаны на обороте тит. л.
В учебнике раскрывается сущность технологического предпринимательства, рассматриваются его виды, типы, свойства и функции, субъекты предпринимательской деятельности, организационно-правовые формы, предпринимательская среда и инвестиционно-проектный аспект. Излагается механизм бизнес-моделирования, рассматриваются виды инновационных моделей, инструменты коммерциализации и трансферта инноваций и современного инновационного маркетинга, способы защиты авторских прав. Учебник предназначен для студентов вузов, аспирантов, преподавателей, слушателей школ бизнеса, руководителей коммерческих организаций, индивидуальных предпринимателей, всех читателей, планирующих организовать свой бизнес.
Hizkuntza:errusiera
Argitaratua: Старый Оскол, ТНТ, 2020
Gaiak:
Formatua: MixedMaterials Liburua
KOHA link:https://koha.lib.tpu.ru/cgi-bin/koha/opac-detail.pl?biblionumber=344447

MARC

LEADER 00000nam0a2200000 4500
001 344447
005 20231102005650.0
010 |a 9785941786657 
035 |a (RuTPU)RU\TPU\book\375940 
090 |a 344447 
100 |a 20200225d2020 m y0rusy50 ca 
101 0 |a rus 
102 |a RU 
105 |a y j 001zy 
200 1 |a Технологическое предпринимательство. С чего начать — первые шаги  |e учебник  |f Т. А. Аверина, С. А. Баркалов, Е. В. Баутина, С. А. Колодяжный  |g под ред. С. А. Баркалова, С. А. Колодяжного 
210 |a Старый Оскол  |c ТНТ  |d 2020 
215 |a 400 с. 
300 |a Авт. указаны на обороте тит. л. 
320 |a Библиогр.: с. 388-399 
330 |a В учебнике раскрывается сущность технологического предпринимательства, рассматриваются его виды, типы, свойства и функции, субъекты предпринимательской деятельности, организационно-правовые формы, предпринимательская среда и инвестиционно-проектный аспект. Излагается механизм бизнес-моделирования, рассматриваются виды инновационных моделей, инструменты коммерциализации и трансферта инноваций и современного инновационного маркетинга, способы защиты авторских прав. Учебник предназначен для студентов вузов, аспирантов, преподавателей, слушателей школ бизнеса, руководителей коммерческих организаций, индивидуальных предпринимателей, всех читателей, планирующих организовать свой бизнес. 
606 1 |a Предпринимательская деятельность  |2 stltpush  |3 (RuTPU)RU\TPU\subj\36666  |9 57967 
610 1 |a предпринимательство 
610 1 |a бизнес 
610 1 |a технологическое предпринимательство 
610 1 |a научно-технические инновации 
610 1 |a инновационные процессы 
610 1 |a предпринимательские ресурсы 
610 1 |a бизнес-модели 
610 1 |a инновации 
610 1 |a финансирование 
610 1 |a инновационная деятельность 
610 1 |a индивидуальная деятельность 
610 1 |a научно-техническая продукция 
610 1 |a коммерциализация 
610 1 |a трансферты 
610 1 |a инновационный маркетинг 
610 1 |a интеллектуальная собственность 
610 1 |a интеллектуальная защита 
610 1 |a инвестиционно-инновационное развитие 
610 1 |a учебники 
686 |a У012.12я73  |v LBC/SL-A  |2 rubbk 
701 1 |a Аверина  |b Т. А.  |g Татьяна Александровна 
701 1 |a Баркалов  |b С. А.  |g Сергей Алексеевич 
701 1 |a Баутина  |b Е. В.  |g Елена Владимировна 
701 1 |a Колодяжный  |b С. А.  |g Сергей Александрович 
702 1 |a Баркалов  |b С. А.  |g Сергей Алексеевич  |4 340 
702 1 |a Колодяжный  |b С. А.  |g Сергей Александрович  |4 340 
801 1 |a RU  |b 63413507  |c 20200225 
801 2 |a RU  |b 63413507  |c 20200623  |g RCR 
942 |c BK 
959 |a 6/20200225  |d 1  |e 1398,00  |f ЧЗТЛ:1